[Monumento a Antonio Cánovas del Castillo] (Record no. 85812)

MARC details
000 -LEADER
campo de control de longitud fija 01746nkm a22002657a 4500
001 - NÚMERO DE CONTROL
campo de control 85812
005 - FECHA Y HORA DE LA ÚLTIMA TRANSACCIÓN
campo de control 20260417135419.0
007 - CAMPO FIJO DE DESCRIPCIÓN FÍSICA--INFORMACIÓN GENERAL
campo de control de longitud fija kh bo
008 - DATOS DE LONGITUD FIJA--INFORMACIÓN GENERAL
campo de control de longitud fija 260416s1885 sp ||||| |||| |0| i|spa d
040 ## - FUENTE DE CATALOGACIÓN
Centro catalogador/agencia de origen M-RABA
Lengua de catalogación spa
Centro/agencia transcriptor M-RABA
245 01 - MENCIÓN DEL TÍTULO
Título [Monumento a Antonio Cánovas del Castillo]
Medio [Material gráfico]
260 ## - PUBLICACIÓN, DISTRIBUCIÓN, ETC.
Fecha de publicación, distribución, etc. [ca. 1885]
300 ## - DESCRIPCIÓN FÍSICA
Extensión 1 fotografía
Otras características físicas : albúmina
Dimensiones : 21,5 x 17,5 cm
500 00 - NOTA GENERAL
Nota general Fotografía que representa uno de los monumentos a Antonia Cánovas del Castillo para la confluencia de las calles Alcalá y Velázquez en Madrid.
500 00 - NOTA GENERAL
Nota general Grabado dentro del relieve escultórico: "Al Exmo. S. D. Antonio Cánovas del Castillo, gobernador y artista supremo que terminó un absurdo expediente de 14 años y abrió la hermosa confluencia de la Calle Alcalá y Velázquez; en testimonio de admiración y gratitud: el Marqués de Zafra".<br/>En una de las orlas decorativas: "21 agosto 1885". En dos inscripciones al pie del monumento: "Julio de Saracibar, Arquitecto: proyecto" y "J. Morato, cinceló"
500 00 - NOTA GENERAL
Nota general La imagen se encuentra en un estado de conservación regular. La albúmina carece de soporte secundario por lo que se encuentra curvada y presenta varios desgarros y dobleces a lo largo de la superficie.
500 00 - NOTA GENERAL
Nota general Fecha tomada de la inscripción del propio relieve.
600 17 - PUNTO DE ACCESO ADICIONAL DE MATERIA--NOMBRE DE PERSONA
Nombre de persona Saracíbar, S. Julio de
9 (RLIN) 8641
600 17 - PUNTO DE ACCESO ADICIONAL DE MATERIA--NOMBRE DE PERSONA
Nombre de persona Cánovas del Castillo, Antonio (
Fechas asociadas al nombre 1828-1897)
9 (RLIN) 5499
651 #7 - PUNTO DE ACCESO ADICIONAL DE MATERIA--NOMBRE GEOGRÁFICO
Nombre geográfico Madrid (Comunidad Autónoma)
Fuente del encabezamiento o término embne
9 (RLIN) 75223
655 #7 - TERMINO DE INDIZACIÓN--GENERO/FORMA
Datos o término principal de género/forma Fotografías de obras de arte
9 (RLIN) 75675
852 ## - LOCALIZACIÓN
Número de control de estantería Fot-656
856 ## - LOCALIZACIÓN Y ACCESO ELECTRÓNICOS
Identificador Uniforme de Recurso <a href="https://archivoybiblioteca.realacademiabellasartessanfernando.com/cgi-bin/koha/opac-retrieve-file.pl?id=38b2c99c3b49e29052ea5a2f6c2b13d8">https://archivoybiblioteca.realacademiabellasartessanfernando.com/cgi-bin/koha/opac-retrieve-file.pl?id=38b2c99c3b49e29052ea5a2f6c2b13d8</a>
Texto de enlace Fot-656
942 ## - ELEMENTOS DE ENTRADA SECUNDARIOS (KOHA)
Tipo de ítem Koha Fotografías
Suprimir en OPAC No
Holdings
Estatus retirado Estado de pérdida Fuente de la clasificación o esquema de estantería Estado de daño No para préstamo Colección Biblioteca de origen Biblioteca actual Ubicación en estantería Fecha de adquisición Total de préstamos Signatura topográfica completa Código de barras Visto por última vez Precio de reemplazo Tipo de ítem Koha
    Clasificación Decimal Dewey     Fotografía Real Academia de la Bellas Artes de San Fernando Real Academia de la Bellas Artes de San Fernando Depósito 2 16/04/2026   Fot-656 1096927 16/04/2026 16/04/2026 Fotografías

Powered by Koha